[Event "Championnat de France - Open B"]
[Site "Chartres"]
[Date "2005.??.??"]
[Round "10.8"]
[White "Morisse, Matthieu"]
[Black "Aristegui, Michel"]
[Result "0-1"]
[WhiteElo "1970"]
[BlackElo "1900"]
[PlyCount "52"]
[EventDate "2005.??.??"]

1. e4 g6 2. d4 Bg7 3. Nc3 d6 4. Be3 Nd7 5. f3 a6 6. Qd2 b5 7. g4 Bb7 8. h4 h5
9. g5 e6 10. Nh3 Ne7 11. Nf2 O-O 12. O-O-O Nb6 13. b3 b4 14. Ne2 a5 15. Bh3 Qe8
16. Rhe1 Qb5 17. Ng3 a4 18. Kb1 c5 19. dxc5 dxc5 20. Qd6 axb3 21. cxb3 Rxa2 22.
e5 Qa5 23. Bc1 Rxf2 24. Re2 Rxe2 25. Nxe2 Bxf3 26. Rd2 Be4+ 0-1

[Event "Championnat de France - Open B"]
[Site "Chartres"]
[Date "2005.??.??"]
[Round "10.9"]
[White "Wojtkowski, Frederic"]
[Black "Sally, Paul-Adrien"]
[Result "0-1"]
[WhiteElo "1859"]
[BlackElo "1970"]
[PlyCount "82"]
[EventDate "2005.??.??"]

1. e4 c5 2. Nf3 d6 3. d4 cxd4 4. Nxd4 Nf6 5. Nc3 g6 6. Be2 Bg7 7. Be3 O-O 8. f3
Nc6 9. Qd2 Bd7 10. h4 b5 11. Nxc6 Bxc6 12. Bh6 Bxh6 13. Qxh6 b4 14. Nd5 Bxd5
15. exd5 Qa5 16. h5 b3+ 17. c3 Qxd5 18. g4 Nxg4 19. Qf4 Ne5 20. Qh6 Ng4 21. Qf4
Nf6 22. hxg6 hxg6 23. Qh6 Nh5 24. Kf2 Qc5+ 25. Ke1 Qe5 26. Kf2 bxa2 27. Rag1
a1=Q 28. Rxa1 Qg3+ 29. Ke3 Qe5+ 30. Kf2 Rab8 31. b4 Qxc3 32. Rag1 Qd4+ 33. Kf1
Rxb4 34. Rxg6+ fxg6 35. Qxg6+ Ng7 36. Qh7+ Kf7 37. Rh5 Qa1+ 38. Kf2 Rf4 39. Rg5
Qd4+ 40. Kf1 Rc8 41. Qg6+ Kf8 0-1

[Event "Championnat de France - Open B"]
[Site "Chartres"]
[Date "2005.??.??"]
[Round "10.10"]
[White "Studer, Vital Alexander"]
[Black "Denes, Maxime"]
[Result "0-1"]
[WhiteElo "1499"]
[BlackElo "1950"]
[PlyCount "77"]
[EventDate "2005.??.??"]

1. c4 g6 2. Nc3 Bg7 3. g3 e5 4. Bg2 f5 5. d3 Nf6 6. Bg5 h6 7. Bxf6 Qxf6 8. e4
c6 9. exf5 Qxf5 10. Bh3 Qf7 11. Ne4 O-O 12. Qc2 Qe7 13. c5 b6 14. Qb3+ Kh7 15.
cxb6 axb6 16. Qxb6 d5 17. Qc5 Qb7 18. Nc3 e4 19. Nd1 exd3 20. Bxc8 Qxc8 21. Kf1
Nd7 22. Qe3 Qa6 23. Kg2 Rae8 24. Qd2 d4 25. f3 Ne5 26. Nf2 c5 27. f4 Qc6+ 28.
Kh3 Qe6+ 29. Kg2 Qd5+ 30. Kh3 Rf5 31. fxe5 Rh5+ 32. Kg4 Rexe5 33. h4 Qe6+ 34.
Kf3 Qd5+ 35. Kg4 Re3 36. Kh3 Be5 37. Nf3 Qxf3 38. Rag1 Bxg3 39. Qd1 0-1

[Event "Championnat de France - Open C"]
[Site "Chartres"]
[Date "2005.??.??"]
[Round "10.1"]
[White "Eber, Raoul"]
[Black "Jophe, Jacky"]
[Result "0-1"]
[WhiteElo "1480"]
[BlackElo "1700"]
[PlyCount "98"]
[EventDate "2005.??.??"]

1. e4 g6 2. d4 Bg7 3. Nf3 c6 4. Be2 e6 5. Nc3 d5 6. e5 Nd7 7. O-O Ne7 8. Bg5 h6
9. Be3 Nf5 10. Qd3 b6 11. Nd1 c5 12. c3 c4 13. Qc2 b5 14. Bd2 O-O 15. Ne3 f6
16. Nxf5 gxf5 17. Bf4 fxe5 18. Nxe5 Nxe5 19. Bxe5 Bxe5 20. dxe5 Qc7 21. f4 Bb7
22. Kh1 Rf7 23. Bf3 Rg7 24. Qf2 Kh7 25. Qh4 Rag8 26. g3 Qb6 27. Qh3 b4 28. Qg2
a5 29. Qf2 Qxf2 30. Rxf2 Rd8 31. Rd1 Kg8 32. Kg1 Kf7 33. Kf1 Ke7 34. Ke2 Kd7
35. Ke3 Kc6 36. Kd4 Ba6 37. Rb1 Rb7 38. cxb4 axb4 39. g4 Re7 40. gxf5 exf5 41.
Rg2 Re6 42. Rbg1 Kb5 43. Rg6 Rxg6 44. Rxg6 h5 45. Rg5 Bc8 46. Rxh5 Rg8 47. Rg5
Rh8 48. Rg2 Rh3 49. Bxd5 Rd3# 0-1

[Event "Championnat de France - Open C"]
[Site "Chartres"]
[Date "2005.??.??"]
[Round "10.2"]
[White "Ababsa, Tufek"]
[Black "Jorda, Thomas"]
[Result "0-1"]
[WhiteElo "1700"]
[BlackElo "1700"]
[PlyCount "72"]
[EventDate "2005.??.??"]

1. e4 c6 2. Nc3 d5 3. Nf3 dxe4 4. Nxe4 Nf6 5. Ng3 Bg4 6. h3 Bxf3 7. Qxf3 Nbd7
8. Bc4 e6 9. Bb3 Bd6 10. d4 O-O 11. O-O Qc7 12. c3 Rfe8 13. Bd2 c5 14. Rfe1 c4
15. Bc2 h6 16. Ne4 Nxe4 17. Rxe4 Qc6 18. Rae1 Kf8 19. Kh1 Ke7 20. R4e2 Qxf3 21.
gxf3 Nf6 22. f4 g6 23. Kg2 Nd5 24. Kf3 Kf8 25. f5 gxf5 26. Bxh6+ Ke7 27. Bxf5
Kd7 28. Bc2 Rh8 29. Bc1 Rxh3+ 30. Kg4 Rah8 31. Bg5 f5+ 32. Bxf5 exf5+ 33. Kxf5
Rf8+ 34. Kg4 Rhf3 35. Re6 Rxf2 36. Bc1 Rg8+ 0-1

[Event "Championnat de France - Open C"]
[Site "Chartres"]
[Date "2005.??.??"]
[Round "10.3"]
[White "Pertuisot, Daniel"]
[Black "Trannoy, Arthur"]
[Result "1/2-1/2"]
[WhiteElo "1690"]
[BlackElo "1700"]
[PlyCount "43"]
[EventDate "2005.??.??"]

1. d4 f5 2. Nf3 Nf6 3. c3 g6 4. g3 Bg7 5. Bg2 O-O 6. Nbd2 c6 7. O-O d6 8. Qb3+
Kh8 9. Ng5 Qe8 10. e4 fxe4 11. Ndxe4 Nxe4 12. Nxe4 d5 13. Ng5 e5 14. dxe5 Qxe5
15. Be3 Qc7 16. h3 h6 17. Nf3 g5 18. Bd4 g4 19. Bxg7+ Qxg7 20. hxg4 Bxg4 21.
Nh4 Na6 22. Qc2 1/2-1/2

[Event "Championnat de France - Open C"]
[Site "Chartres"]
[Date "2005.??.??"]
[Round "10.4"]
[White "Amatucci, Bruno"]
[Black "Clementiaux, Lucas"]
[Result "1/2-1/2"]
[WhiteElo "1650"]
[BlackElo "1640"]
[PlyCount "63"]
[EventDate "2005.??.??"]

1. c4 e5 2. d3 Nc6 3. Nc3 f5 4. Nf3 Bc5 5. e3 d6 6. Be2 Nf6 7. a3 a5 8. O-O h6
9. d4 Bb6 10. Na4 e4 11. Nxb6 exf3 12. Nxa8 fxe2 13. Qxe2 Bd7 14. Nxc7+ Qxc7
15. b3 O-O 16. Qf3 Be8 17. Qxf5 Bd7 18. Qd3 Ng4 19. d5 Bf5 20. Qc3 Nce5 21. Bb2
Bd3 22. h3 Bxf1 23. Rxf1 Nf6 24. Qd4 Nfd7 25. f4 Qd8 26. fxe5 Rxf1+ 27. Kxf1
dxe5 28. Qg4 Qf6+ 29. Kg1 Qe7 30. Qf5 Qd6 31. Bc3 Qxa3 32. Qe6+ 1/2-1/2

[Event "Championnat de France - Open C"]
[Site "Chartres"]
[Date "2005.??.??"]
[Round "10.5"]
[White "Falais, Jean-Francois"]
[Black "Descamps, Jacky"]
[Result "1-0"]
[WhiteElo "1700"]
[BlackElo "1490"]
[PlyCount "59"]
[EventDate "2005.??.??"]

1. d4 Nf6 2. c4 c5 3. d5 e6 4. Nc3 exd5 5. Nxd5 d6 6. Qd3 Nxd5 7. cxd5 b6 8. e4
Ba6 9. Qb3 Bxf1 10. Kxf1 Nd7 11. Nf3 Qe7 12. Bf4 g6 13. e5 O-O-O 14. exd6 Qf6
15. Bg5 Qxd6 16. Bxd8 Kxd8 17. g3 Bg7 18. Kg2 Re8 19. Rhe1 Ne5 20. Nxe5 Rxe5
21. Rad1 Rf5 22. Qb5 Be5 23. f4 Bf6 24. Qe8+ Kc7 25. Qxf7+ Be7 26. Rxe7+ Kc8
27. Re8+ Qd8 28. Rxd8+ Kxd8 29. Qxh7 Rf6 30. Re1 1-0

[Event "Championnat de France - Vétérans"]
[Site "Chartres"]
[Date "2005.08.26"]
[Round "10.1"]
[White "Goldenberg, Richard"]
[Black "Fayolle, Guy"]
[Result "1-0"]
[WhiteElo "2305"]
[BlackElo "1920"]
[PlyCount "63"]
[EventDate "2005.??.??"]

1. d4 Nf6 2. Bg5 Ne4 3. Bf4 g6 4. f3 Nf6 5. e4 d6 6. Nc3 Nh5 7. Be3 Bg7 8. g4
Nf6 9. Qd2 a6 10. O-O-O b5 11. Bh6 O-O 12. h4 Kh8 13. Bxg7+ Kxg7 14. h5 Rh8 15.
h6+ Kf8 16. e5 dxe5 17. dxe5 Qxd2+ 18. Rxd2 Nfd7 19. f4 Bb7 20. Rh3 e6 21. Nf3
Bxf3 22. Rxf3 Ke7 23. Bg2 Ra7 24. Ne4 c5 25. Rfd3 Rc7 26. Rd6 Rhc8 27. Ng5 Rh8
28. c3 Kf8 29. Rxe6 Ra7 30. Red6 Ke7 31. e6 fxe6 32. Rxe6+ 1-0

[Event "Championnat de France - Vétérans"]
[Site "Chartres"]
[Date "2005.08.26"]
[Round "10.2"]
[White "Rosenfeld, Imre"]
[Black "Leitner, Walter"]
[Result "0-1"]
[WhiteElo "2047"]
[BlackElo "2097"]
[PlyCount "128"]
[EventDate "2005.??.??"]

1. d4 Nf6 2. Nf3 e6 3. e3 c5 4. Bd3 d5 5. c3 Nc6 6. Nbd2 Qc7 7. O-O Bd7 8. Qe2
cxd4 9. exd4 Nh5 10. Nb3 Nf4 11. Bxf4 Qxf4 12. Ne5 Bd6 13. g3 Qf6 14. f4 g6 15.
Nd2 O-O-O 16. Ndf3 Qe7 17. Nxd7 Qxd7 18. Ne5 Qc7 19. b4 Kb8 20. Rfc1 Rhf8 21.
a4 f6 22. Nxc6+ Qxc6 23. Qxe6 Bxf4 24. Qxc6 Be3+ 25. Kf1 bxc6 26. Rc2 f5 27.
Rb1 f4 28. g4 f3 29. b5 c5 30. dxc5 Bxc5 31. b6 Rf4 32. bxa7+ Kxa7 33. h3 Rxa4
34. Bb5 Rb8 35. Rcb2 Ra3 36. Ke1 Rb6 37. Kd2 Ra5 38. Bd3 Ra4 39. Kc2 f2 40.
Rxb6 Bxb6 41. Bf1 Kb7 42. Bg2 Kc6 43. Rd1 Kd6 44. Rxd5+ Ke6 45. Rd1 Ke5 46. Kd3
Ra2 47. Rb1 Ba7 48. Rb7 Kf4 49. Rxh7 Kg3 50. Bf1 Bb8 51. Rg7 Ra1 52. Be2 Be5
53. Rf7 g5 54. Kc4 Bf4 55. Kd5 Kxh3 56. Ke6 f1=Q 57. Bxf1+ Rxf1 58. c4 Kxg4 59.
Kd5 Rd1+ 60. Ke6 Rc1 61. Kd5 Kf3 62. c5 g4 63. c6 g3 64. Rg7 g2 0-1

[Event "Championnat de France - Vétérans"]
[Site "Chartres"]
[Date "2005.08.26"]
[Round "10.3"]
[White "Peyrin, Jean"]
[Black "Mengus, Charles"]
[Result "1-0"]
[WhiteElo "2059"]
[BlackElo "1885"]
[PlyCount "69"]
[EventDate "2005.??.??"]

1. d4 Nf6 2. c4 e5 3. dxe5 Ng4 4. Bf4 Bb4+ 5. Nc3 Nc6 6. Nf3 Qe7 7. Qb3 Bc5 8.
e3 O-O 9. Be2 Ngxe5 10. Nxe5 Nxe5 11. Nd5 Qd6 12. Qc3 f6 13. b4 Bb6 14. Rd1 c5
15. a3 Qe6 16. bxc5 Bd8 17. O-O Kh8 18. Bg3 Qc6 19. Qb4 Rg8 20. f4 Nf7 21. Bf3
Qa6 22. e4 b6 23. cxb6 axb6 24. Rd3 Bb7 25. e5 fxe5 26. fxe5 Ng5 27. Bg4 Ne4
28. Be1 Nc5 29. Rdf3 Bc6 30. Bf5 Qb7 {#} 31. Bxh7 Bxd5 32. cxd5 Ra4 33. Qb1 Be7
34. Bxg8 Kxg8 35. d6 1-0

[Event "Championnat de France - Vétérans"]
[Site "Chartres"]
[Date "2005.08.26"]
[Round "10.6"]
[White "Labarthe, Arnaud"]
[Black "Brixhe, Abel"]
[Result "1-0"]
[WhiteElo "2029"]
[BlackElo "2053"]
[PlyCount "51"]
[EventDate "2005.??.??"]

1. d4 g6 2. c4 Bg7 3. Nc3 d6 4. e4 Nd7 5. f4 e5 6. fxe5 dxe5 7. d5 Ngf6 8. Nf3
Qe7 9. Bd3 Nc5 10. O-O Bg4 11. b4 Ncd7 12. c5 O-O 13. Nb5 Ne8 14. Bg5 f6 15.
Be3 a6 16. d6 Qd8 17. dxc7 Nxc7 18. Nd6 Rb8 19. Bc4+ Be6 20. Bxe6+ Nxe6 21. Qd5
Qe7 22. Nxb7 Kh8 23. Rfd1 Nd8 24. c6 Nxb7 25. Qxd7 Qxd7 26. Rxd7 1-0

[Event "Championnat de France - Vétérans"]
[Site "Chartres"]
[Date "2005.08.26"]
[Round "10.7"]
[White "Guillaumat, Jean-Pierre"]
[Black "Guinovart, Jose"]
[Result "1/2-1/2"]
[WhiteElo "2034"]
[BlackElo "1944"]
[PlyCount "79"]
[EventDate "2005.??.??"]

1. d4 Nf6 2. c4 g6 3. Nc3 Bg7 4. e4 d6 5. h3 O-O 6. Nf3 c5 7. d5 b5 8. cxb5 a6
9. bxa6 Bxa6 10. Bxa6 Rxa6 11. O-O Nbd7 12. Qe2 Qa8 13. Re1 Rb8 14. e5 Nxe5 15.
Nxe5 dxe5 16. Qxe5 Rd8 17. Qe2 Ra7 18. Be3 Nxd5 19. Nxd5 Qxd5 20. Rad1 Qa8 21.
Rxd8+ Qxd8 22. Bxc5 Ra8 23. b4 e6 24. Rd1 Qc8 25. Rd2 Bf8 26. Rc2 Ra3 27. Qc4
Bxc5 28. Qxc5 Qxc5 29. bxc5 Ra7 30. Kf1 Kf8 31. Ke2 Ke7 32. Kd3 Kd7 33. Kc4 Kc6
34. Kb4 Rb7+ 35. Kc4 Ra7 36. g4 f6 37. Kb4 Rb7+ 38. Ka4 Rb5 39. f3 e5 40. Rc4
1/2-1/2